Odznaka za wierna̜ służbe̜. (Record no. 16584)

MARC details
000 -LEADER
fixed length control field 00638cam a22002171 4500
001 - CONTROL NUMBER
control field ca 30000104
003 - CONTROL NUMBER IDENTIFIER
control field DLC
005 - DATE AND TIME OF LATEST TRANSACTION
control field 20260227111122.0
008 - FIXED-LENGTH DATA ELEMENTS--GENERAL INFORMATION
fixed length control field 790524s1921 pl 000 0apol
010 ## - LIBRARY OF CONGRESS CONTROL NUMBER
LC control number ca 30000104
035 ## - SYSTEM CONTROL NUMBER
System control number (OCoLC)5002028
040 ## - CATALOGING SOURCE
Original cataloging agency DLC
Transcribing agency NBrockU
Modifying agency NBrockU
-- OCoLC
-- DLC
042 ## - AUTHENTICATION CODE
Authentication code premarc
050 00 - LIBRARY OF CONGRESS CALL NUMBER
Classification number D640
Item number .G16
100 1# - MAIN ENTRY--PERSONAL NAME
Personal name Strug, Andrzej,
Dates associated with a name 1871?-1937.
245 10 - TITLE STATEMENT
Title Odznaka za wierna̜ służbe̜.
260 ## - PUBLICATION, DISTRIBUTION, ETC.
Place of publication, distribution, etc. Warszawa,
Name of publisher, distributor, etc. "Ignis",
Date of publication, distribution, etc. 1921.
300 ## - PHYSICAL DESCRIPTION
Extent 118 p.
Dimensions 22 cm.
500 ## - GENERAL NOTE
General note Author's pseud., Andrzej Strug, at head of title.
650 #0 - SUBJECT ADDED ENTRY--TOPICAL TERM
Topical term or geographic name entry element World War, 1914-1918
General subdivision Personal narratives, Polish

No items available.

Powered by Koha